Traite experimental de L'electricite et du magnetisme (Record no. 809)

MARC details
000 -LEADER
fixed length control field 00525nam a2200169Ia 4500
003 - CONTROL NUMBER IDENTIFIER
control field IN-BaIIA
008 - FIXED-LENGTH DATA ELEMENTS--GENERAL INFORMATION
fixed length control field 211028s9999 xx 000 0 eng d
040 ## - CATALOGING SOURCE
Transcribing agency IIA Library
080 ## - UNIVERSAL DECIMAL CLASSIFICATION NUMBER
Universal Decimal Classification number 537
Item number BEC-2
100 ## - MAIN ENTRY--PERSONAL NAME
Personal name Becquerel, M.
9 (RLIN) 1742
245 #0 - TITLE STATEMENT
Title Traite experimental de L'electricite et du magnetisme
Remainder of title tome troisieme
Statement of responsibility, etc. M. Becquerel
260 ## - PUBLICATION, DISTRIBUTION, ETC.
Place of publication, distribution, etc. Paris
Name of publisher, distributor, etc. Firmin Didot Freres Libraires
Date of publication, distribution, etc. 1835
300 ## - PHYSICAL DESCRIPTION
Extent 450p.
650 ## - SUBJECT ADDED ENTRY--TOPICAL TERM
Topical term or geographic name entry element Electricity
9 (RLIN) 527
650 ## - SUBJECT ADDED ENTRY--TOPICAL TERM
Topical term or geographic name entry element Magnetism
9 (RLIN) 56
942 ## - ADDED ENTRY ELEMENTS (KOHA)
Koha item type Books
Holdings
Withdrawn status Lost status Damaged status Not for loan Home library Current library Shelving location Date acquired Total Checkouts Full call number Barcode Date last seen Price effective from Koha item type
        IIA Library-Bangalore IIA Library-Kodaikanal General Stacks     537/ BEC-2 835 05/11/2021   Books

Powered by Koha